000 00285nam a22001217a 4500
008 170504b xxu||||| |||| 00| 0 eng d
041 _aALB
080 _a341
100 _a14
101 _aSHJ
245 _aGJENOCIDI NE TE DREJTEN NDERKOMBETARE
_cSCHAHAS.W.A
942 _2udc
_cBK
999 _c12697
_d12697